Assessing vulnerability to global environmental change : making research useful for adaptation decision making and policy (Record no. 374457)

MARC details
000 -LEADER
fixed length control field 00877nam a2200229Ia 4500
008 - FIXED-LENGTH DATA ELEMENTS--GENERAL INFORMATION
fixed length control field 191130s2009##################000#0#eng##
020 ## - INTERNATIONAL STANDARD BOOK NUMBER
ISBN 9781849711548
082 ## - DEWEY DECIMAL CLASSIFICATION NUMBER
Classification number 363.70561 PAT
245 ## - TITLE STATEMENT
Title Assessing vulnerability to global environmental change : making research useful for adaptation decision making and policy
Statement of responsibility, etc edited by Anthony G. Patt ... [et al.] ; with forewords by Hans Joachim Schellnhuber and Rik Leemans
260 ## - PUBLICATION, DISTRIBUTION, ETC. (IMPRINT)
Place of publication London ; Sterling, VA
Name of publisher Earthscan
Year of publication 2009
300 ## - PHYSICAL DESCRIPTION
Number of Pages xxiv, 258 p. : ill. ; 24 cm
500 ## - GENERAL NOTE
General note Includes bibliographical references and index
650 ## - SUBJECT ADDED ENTRY--TOPICAL TERM
Topical Term Environmental policy
Topical Term Environmental risk assessment
Topical Term Global environmental change
700 ## - ADDED ENTRY--PERSONAL NAME
Personal name Patt, Anthony G
991 ## -
-- 346171
Holdings
Withdrawn status Lost status Damaged status Not for loan Home library Current library Date acquired Full call number Accession Number Price effective from Koha item type
        Anna Centenary Library Anna Centenary Library 17.10.2020 363.70561 PAT 440862 17.10.2020 English Books

Find us on the map